• 首页
  • 本馆介绍
  • 公告通知
  • 最新文献
  • 馆藏检索
  • 电子资源
  • 读者导购
  • 参考咨询
  • 我的图书馆
  • 登录
  • 详细信息显示
  • 放入我的书架
  • 预约/预借图书
  • 作者相关作品
  • 分类相关作品
  • 丛书相关作品
  • 出版社相关作品

书目信息

  • 表格格式
  • 工作单格式
  • 卡片格式
题名:
疲劳强度设计
    
 
作者: 徐灏 编著
分册:  
出版信息: 北京   机械工业出版社  1981
页数: 512页
开本: 19cm
丛书名:
单 册:
中图分类: TH122 , TB302.3
科图分类:
主题词: 疲劳强度-机械设计 , 机械设计-疲劳强度 , 工程材料
电子资源:
ISBN:
000 00700nam0 2200277 45
001 0181000334
005 20040520145923.3
010    @dCNY1.70
091    @a15033.4969
100    @a19950727d1981 em y0chiy0121 ea
101 0  @achi
102    @aCN@b110000
105    @ay z 000yy
106    @ar
200 10 @a疲劳强度设计@Api lao qiang du she ji@f徐灏编著
210    @a北京@c机械工业出版社@d1981
215    @a512页@d19cm
606    @a疲劳强度-机械设计
606    @a机械设计-疲劳强度
606 0  @a工程材料
690    @aTH122@v3
690    @aTB302.3
701  0 @a徐灏@Axu hao@4编著
801  0 @aCN@b上海图书馆@c20040520
801  2 @aCN@bNLC@c20040520
905    @f1@b55184@dTB302.3@e4
    
    疲劳强度设计/徐灏编著.-北京:机械工业出版社,1981
    512页;19cm
    
    
    ISBN :CNY1.70
    
●
相关链接 在E读中查询图书 在五车中查询图书 在当当中查询图书 在豆瓣中查询图书


正题名:疲劳强度设计     索取号:TB302.3/4         预约/预借

序号 登录号 条形码 馆藏地/架位号 状态 备注
1 0055184   001358097   密集书库/ [索取号:TB302.3/4] 在馆    
2 0055185   001358051   第二样本阅览室/ [索取号:TB302.3/4] 在馆    
唐山师范学院图书馆 欢迎您!
大连网信软件有限公司© 版权所有